000 00592nam a22001815i 4500
001 68434
003 ES-MaACL
005 20230906170301.0
007 t|
008 960802s1871 po ||||1| por d
040 _aCAM
_bspa
_cCAM
100 1 _aGarcía Ramos, Accurcio.
_955152
245 1 0 _aNoticia do archipelago dos Açores e do que ha mais importante na sua historia natural /
_cpor Accurcio García Ramos.
250 _a2ª ed.
260 _aLisboa :
_b[s.n.],
_c1871 (
_fTypographia universal de Thomaz Quintino Antunes)
300 _a227 p. ;
_c20 cm.
852 _aES-MaACL
_jG-8967
999 _c68434
_d68434